000 00816nam a22002177a 4500
999 _c17581
_d17581
003 AR-CdUCM
008 190509b ||||| |||| 00| 0 spa d
040 _aMUNICIPALIDAD PROVINCIAL DEL CUSCO
_cBIBLIOTECA MUNICIPAL DEL CUSCO
082 _a370.4 /
_bD85
_22ed.
100 _aDubouquet, Amelia.
_937677
245 _aInexperiencia :
_bEnsayo pedagógico de una madre maestra /
260 _aBuenos Aires :
_bKapelusz,
_c1964.
300 _a174 páginas ;
_c20 cm.
440 _aBiblioteca de cultura pedagógica.
_936606
505 _aContenido : Inexperiencia -- Jugar -- Una verdadera escuela -- El niño que trabaja completamente solo -- Una casita de madera ...
650 _aLiteratura.
_983
650 _aCuentos.
_9217
650 _aHistorietas.
_910786
942 _2ddc
_cLIBROS
945 _arum
_d2019-05-09